000 00407cam a2200157ua 4500
041 _aeng
_h
082 _a828.09
_bABE/PR
100 _aAbercrombie, Lascelles .
245 _aPrinciples of literary criticism /
_cLascelles Abercrombie.
_hTextual Documents
250 _a1 /
_b.
260 _aLondon :
_bHigh hall books ,
_c1960.
300 _a159 ; .
504 _a
942 _cBK
999 _c6659
_d6659